| 000 | 00531nam a2200169 i 4500 | ||
|---|---|---|---|
| 001 | 76538 | ||
| 003 | ES-MaACL | ||
| 005 | 20230906172856.0 | ||
| 007 | t| | ||
| 008 | 041004s1960 sp ||||1| spa d | ||
| 100 | 1 |
_aGuirand, Félix. _960881 |
|
| 245 | 1 | 0 |
_aMitología general / _cpublicada bajo la dirección de Félix Guirand ; traducción y prefacio de Pedro Pericay. |
| 260 |
_aBarcelona : _bLabor, _c1960. |
||
| 300 |
_a678 p., 8 lám. ; _c27 cm. |
||
| 700 | 1 |
_aPericay, Pedro. _991253 |
|
| 852 |
_aES-MaACL _jC-17598 _bR.45845 |
||
| 999 |
_c76538 _d76538 |
||